BIBLIOTHÈQUE DE LA MAISON DU MEXIQUE

Logo 1 Logo 2

Welcome coyote (notice nᵒ 5559)

détails MARC
000 -Sello discográfico
campo de control de longitud fija 00873nam0a2200289 4500
005 - Identificación de versión
campo de control 20251016084501.0
010 ## - Número Estándar Internacional de Libros (ISBN)
Número (ISBN) 978-968-834-890-1
035 ## - Otros números de control del sistema
Número de control del sistema 33253
099 ## - fechas locales
Tipo de ítem Koha LIBRO
100 ## - Datos de procesamiento general
Datos de procesamiento general 20111215d2008 m y0spay5003 ba
105 ## - Campo de datos codificados: Material textual, monográfico
Datos codificados de monografía y 001ay
200 1# - Título y mención de responsabilidad
Título propio Welcome coyote
Designación general del material texto impreso
Primer mención de responsabilidad Ulises Morales Ponce
205 ## - Declaración de edición
Declaración de edición 1a ed
210 ## - Publicación, distribución, etc.
Lugar de publicación, distribución, etc. México
Nombre del editor, distribuidor, etc. Universidad Veracruzana
Fecha de publicación, distribución, etc. 2008
215 ## - Descripción física
Designación de material específico y extensión del ítem 195 p
Dimensiones 21 cm
300 ## - Notas generales
Texto de la nota Mención Premio Latinoamericano de Primera Novela Sergio Galindo 2007
320 ## - Nota de índices/bibliografías internas
Texto de la nota Glosario: p.193-195
345 ## - Nota de información de adquisición
Fuente de adquisición/dirección de la suscripción [OBSOLETO] Donación 'Salon du Livre 2009'
410 #1 - Series
Título Ficción
700 ## - Nombre personal - Responsabilidad primaria
Elemento de entrada Morales Ponce
Parte del nombre distinta del elemento de entrada Ulises
Fechas 1974-
Número Koha 10806
801 #0 - Fuente de origen
País FR
Agencia cm
Reglas de catalogación (convenciones descriptivas) AFNOR
900 ## -
-- 1/21022
942 ## - ELEMENTOS DE ENTRADA SECUNDARIOS (KOHA)
Tipo de ítem Koha Livre
996 ## -
-- MEX
-- 751145101
-- MMAG
-- 000956
-- 863.4 M828WE
-- 20111215LIV
Exemplaires
Estatus retirado Estado de daño Estado de pérdida Fecha de adquisición Biblioteca de origen Biblioteca actual Ubicación en estantería Código de barras Precio de reemplazo Signatura topográfica completa No para préstamo Tipo de ítem Koha Nota pública Nota no pública
      05/08/2025 Casa México Paris Casa México Paris   000956 05/08/2025 863.4 M828WE   Livre 20111215LIV 751145101